Podnikateľská organizácia riadenia

Pojem organizácia a niekoľko jeho významov. Organizácia vo vzťahu k riadeniu. Podstata a zmysel organizácie riadenia. Formulácia princípu efektívnej organizácie podľa H. Fayola. Základné koncepcie organizačného usporiadania. Princípy tvorby efektívnych organizačných štruktúr.

Gespeichert in:
Bibliographische Detailangaben
1. Verfasser: Kačír, Klement
Format: Buchkapitel
Sprache:Slowakisch
Schlagworte:
Tags: Tag hinzufügen
Keine Tags, Fügen Sie das erste Tag hinzu!

MARC

LEADER 00000naa a2200000 4500
001 r026234
005 20230825080141.8
041 0 |a slo 
044 |a SK 
245 1 0 |a Podnikateľská organizácia riadenia  |c Klement Kačír 
520 |a Pojem organizácia a niekoľko jeho významov. Organizácia vo vzťahu k riadeniu. Podstata a zmysel organizácie riadenia. Formulácia princípu efektívnej organizácie podľa H. Fayola. Základné koncepcie organizačného usporiadania. Princípy tvorby efektívnych organizačných štruktúr. 
610 2 0 |a organizácia 
610 2 0 |a pojmy 
610 2 0 |a riadenie 
610 2 0 |a organizácia riadenia 
610 2 0 |a štruktúra organizačná 
100 1 |a Kačír, Klement